000 00666nam a2200241Ia 4500
003 OSt
005 20221007071231.0
006 a|||||r|||| 00| 0
007 ta
008 221006b |||||||| |||| 00| 0 eng d
024 _a9,376
037 _cTextual
040 _aFLL
_cFLL
_beng
041 _2eng
_aeng
082 _aX:9.1.HN10, P3
100 _aBasu K. Au.
_9688371
245 0 _aInternational labor standards
260 _aLondon
_bBlackwell publishing London
_c2003
300 _a342p
_ccm.
700 _a Horn Henrik Au.
_9688372
942 _hX:9.1.HN10, P3
_cTEXL
_2CC
999 _c1142820
_d1142820